000 01123nam a2200265Ia 4500
003 OSt
005 20221005111950.0
006 a|||||r|||| 00| 0
007 ta
008 221004b |||||||| |||| 00| 0 hin d
024 _a30966
037 _cTextual
040 _aCRL
_cCRL
_bhin
041 _2hin
_ahin
082 _aR625x7,1,1, 152M3
100 _aश्रीकृष्णवल्लभाचार्य
_9160843
245 0 _aन्यायसिद्धान्तमुक्तावली
_b किरणावली समाख्यव्योपेता
246 _aNyāyasiddhāntamuktāvalī: kiraṇāvalī samākhyavyopetā
260 _aवाराणसी
_bचौखम्भा संस्कृत संस्थान भारत
_c1983
300 _a520पृ.
_ccm.
490 _aकाशी संस्कृत ग्रंथमाला; 212
650 _aसंस्कृत साहित्य
942 _hR625x7,1,1, 152M3
_cTEXL
_2cc
999 _c1023433
_d1023433